Statystyki dla Quiz o AGO

Kliknij tutaj aby rozwiązać quiz!

Ogólne statystyki

  • Ten quiz został rozwiązany 21 razy
  • Średni wynik to 8 z 11

Statystyki odpowiedzi

PytanieOdpowiedź% Poprawnych
W którym roku powstało AGO2017
95%
Ile logotypów miało w swojej historii AGO3
95%
Ile lat ma najmłodszy zawodnik AGO17
90%
Jak nazywa się sponsor tytułowy AGO (na stan 07.06.2020)X-kom
90%
W którym roku ESL MP AGO poraz pierwszy sięgnęło po tytuł mistrza Polski2018
81%
Jak ksywkę nosi kilku letni kapitan AGOFurlan
81%
Jakim wynikiem zakończył się pamiętny mecz z Fnatic na mapie The inferno16:0
71%
Jak nazywa się snajper drużyny AGOMHL
48%
Z jaką drużyną AGO wygrało finał ESL MP w roku 2020Avez
38%
Z jakiej drużyny przyszedł do AGO obecny prowadzącyIlluminar
38%
Jak nazywa się trener AGOminirox
33%

Rozkład punktacji

Percentyl według liczby udzielonych odpowiedzi

Procent ludzi z każdym wynikiem

Twoja historia wyników

Nie rozwiązałeś tego quizu